Sistema de gestión integral : (Registro nro. 6191)
[ vista simple ]
| 000 -LEADER | |
|---|---|
| fixed length control field | 01787nam a2200313Ia 4500 |
| 003 - CONTROL NUMBER IDENTIFIER | |
| control field | OSt |
| 005 - DATE AND TIME OF LATEST TRANSACTION | |
| control field | 20210104182830.0 |
| 008 - FIXED-LENGTH DATA ELEMENTS--GENERAL INFORMATION | |
| fixed length control field | 191128s2008 ck ad gr 001 0dspa d |
| 020 ## - INTERNATIONAL STANDARD BOOK NUMBER | |
| International Standard Book Number | 9789584620729 |
| 040 ## - CATALOGING SOURCE | |
| Original cataloging agency | CO-JMCR |
| Transcribing agency | CO-JMCR |
| 041 0# - LANGUAGE CODE | |
| Language code of text/sound track or separate title | spa |
| 082 04 - DEWEY DECIMAL CLASSIFICATION NUMBER | |
| Classification number | 658.562 / |
| Item number | A723s |
| Edition number | 23 |
| 100 1# - MAIN ENTRY--PERSONAL NAME | |
| Personal name | Atehortúa Hurtado, Federico Alonso, |
| Relator term | autor |
| 9 (RLIN) | 12364 |
| 245 10 - TITLE STATEMENT | |
| Title | Sistema de gestión integral : |
| Remainder of title | una sola gestión, un solo equipo / |
| Statement of responsibility, etc. | Federico Alonso Atehortúa Hurtado, Ramón Elías Bustamante Vélez y Jorge Alberto Valencia de los Ríos |
| 250 ## - EDITION STATEMENT | |
| Edition statement | Primera edición |
| 260 ## - PUBLICATION, DISTRIBUTION, ETC. | |
| Place of publication, distribution, etc. | [Medellín] : |
| Name of publisher, distributor, etc. | Editorial Universidad de Antioquia : Gestión y Conocimiento, |
| Date of publication, distribution, etc. | 2008 |
| 300 ## - PHYSICAL DESCRIPTION | |
| Extent | xxvi, 231 páginas : |
| Other physical details | gráficas a blanco y negro ; |
| Dimensions | 24 cm. |
| 500 ## - GENERAL NOTE | |
| General note | Incluye índice analítico, datos biográficos de los autores en solapa posterior y notas a pie de páginas. |
| 504 ## - BIBLIOGRAPHY, ETC. NOTE | |
| Bibliography, etc. note | Bibliografía: páginas [219]-222 |
| 505 0# - FORMATTED CONTENTS NOTE | |
| Formatted contents note | Teoría general de los sistemas y sistémica -- Modelos de gestión -- Sistema de gestión integral -- Proceso de gestión estratégica -- Proceso de gestión de los clientes -- Proceso de gestión de la producción o de la prestación del servicio |
| 520 3# - SUMMARY, ETC. | |
| Summary, etc. | Bajo el principio de "Una sola gestión, un solo equipo", esta obra propone un Sistema de gestión integral que facilite el abordaje de la diversidad de exigencias normativas, legales o de mercado que obligan a las organizaciones a implementar sistemas de |
| 650 14 - SUBJECT ADDED ENTRY--TOPICAL TERM | |
| Topical term or geographic name entry element | Gestión empresarial |
| 9 (RLIN) | 603 |
| 650 14 - SUBJECT ADDED ENTRY--TOPICAL TERM | |
| Topical term or geographic name entry element | Administración de empresas |
| 9 (RLIN) | 12638 |
| 650 14 - SUBJECT ADDED ENTRY--TOPICAL TERM | |
| Topical term or geographic name entry element | Control de calidad |
| 9 (RLIN) | 11331 |
| 650 14 - SUBJECT ADDED ENTRY--TOPICAL TERM | |
| Topical term or geographic name entry element | Control interno |
| 9 (RLIN) | 9227 |
| 700 1# - ADDED ENTRY--PERSONAL NAME | |
| Personal name | Bustamante Vélez, Ramón Elías, |
| Relator term | autor |
| 9 (RLIN) | 12367 |
| 700 1# - ADDED ENTRY--PERSONAL NAME | |
| Personal name | Valencia de los Ríos, Jorge Alberto, |
| Relator term | autor |
| 9 (RLIN) | 12368 |
| 942 ## - ADDED ENTRY ELEMENTS (KOHA) | |
| Source of classification or shelving scheme | Dewey Decimal Classification |
| Koha item type | Books |
| Withdrawn status | Lost status | Source of classification or shelving scheme | Damaged status | Not for loan | Collection code | Home library | Current library | Date acquired | Source of acquisition | Full call number | Barcode | Date last seen | Copy number | Koha item type |
|---|---|---|---|---|---|---|---|---|---|---|---|---|---|---|
| Dewey Decimal Classification | Non-fiction | Biblioteca Pública José María del Castillo y Rada | Biblioteca Pública José María del Castillo y Rada | 04/15/2018 | Donación | 658.562 / A723s | 430012141 | 05/16/2024 | Ej.1 | Books |